000 00535nam a2200205Ia 4500
003 GCL
008 140319s9999 xx 000 0 eng d
040 _aGCL /
_cGCL
082 0 4 _a658.1
_bB W
100 1 _aSAHU, K.C.
245 1 0 _aWORKS ORGANISATION AND MANAGEMENT /
_cSAHU, K.C.
700 1 _aBASU, S.K.
700 1 _aDATTA, N.K.
260 _a[S.N] :
_bOXFORD & IBH PUBLISHING CO.PVT. LTD. ،
_c1993
300 _a442 P
650 0 4 _aMANAGEMENT
650 0 4 _aBUSINESS
650 0 4 _aINDUSTRIAL MANAGEMENT
942 _2ddc
_cBK
999 _c20096
_d20096